000 01120nam a22002417a 4500
005 20110329165129.0
008 110329t xxu||||| |||| 00| 0 mar d
010 _aMAR-20691
020 _c140.00
035 _aMR-13349
037 _bDBAD / PUB
040 _aDPL
_bMR
082 _a920
100 _926818
_aमेणजोगे,सीताराम
245 _aआम्ही पोस्टातील माणसं /
_cसीताराम मेणजोगे
246 _aAamahi Postatil mansa
_bby Sitaram Menjoge
260 _aमुंबई
_bनवचैतन्य प्रकाशन
_c2010
270 _aन्यू गजांत को-ऑप.हौ.सो.लि.,ब्लॉक नं.सी/11तळमजला एस.व्ही.रोड बोरिवली
_bमुंबई
_e400092
300 _a142पृ
_c21सेमी ( अजिल्द)
700 _927289
942 _2ddc
_cMR
_mमेणजो
_h920
999 _c51632
_d51632